| 000 | 01121nam a22002657a 4500 | ||
|---|---|---|---|
| 005 | 20240530110603.0 | ||
| 008 | 161019s2015 ua g b 00| 0 ara d | ||
| 017 |
_a2015/3845 _bمصر. دار الكتب |
||
| 020 | _a9772763668455 | ||
| 040 |
_aEG-CaGPL _cEG-CaGPL |
||
| 082 | 0 | 4 |
_221 _a320.9612/ _bج ع |
| 100 | 0 | _aجهاد عودة | |
| 245 | 1 | 2 |
_aالعنف السياسى و الانقسام المجتمعى و التدخل الخارجى فى ليبيا / _cجهاد عودة ، احمد على ابراهيم . |
| 250 | _aط. 1 | ||
| 260 |
_aالقاهرة : _bالمكتب العربى للمعارف ، _c2015 |
||
| 300 |
_a180 ص. ؛ _c24 سم . |
||
| 490 | 0 | _aالسياسة الدولية و الاستراتجية | |
| 504 | _aيشتمل على ارجاعات بيليوجرافية | ||
| 650 | 0 | 7 |
_2qrmak _aالاحوال السياسية . |
| 651 | 0 | 4 |
_aلبيبا _xالعلوم السياسية |
| 651 | 0 | 4 |
_aلبيبا _xالاحوال السياسية |
| 700 | 0 |
_aاحمد على ابراهيم ، _eمؤلف مشارك |
|
| 942 |
_2ddc _cBK |
||
| 999 |
_c62704 _d62704 |
||